Ekologickí prevádzkovatelia

Guardado en:
Detalles Bibliográficos
Autor principal: Jarossová, Malgorzata Agnieszka, 1978-
Formato: Capítulo de libro
Lenguaje:eslovaco
Materias:
Etiquetas: Agregar Etiqueta
Sin Etiquetas, Sea el primero en etiquetar este registro!

MARC

LEADER 00000nla a2200000 4500
001 0228739
005 20240502073749.2
041 0 |a slo 
044 |a SK 
245 1 0 |a Ekologickí prevádzkovatelia  |c Malgorzata A. Jarossová 
610 2 0 |a poľnohospodárstvo ekologické 
610 2 0 |a výroba ekologická 
610 2 0 |a výrobcovia 
610 2 0 |a biopotraviny 
610 2 0 |a chov zvierat 
610 2 0 |a Európska únia 
100 1 |a Jarossová, Malgorzata Agnieszka, 1978-